Desserts and Sweet treats - Statistics

General Stats
  • This quiz has been taken 638 times
    619 since last reset
  • The average score is 19 of 36
Answer Stats
Picture Answer % Correct
Brownies
95%
Donuts
92%
Cheesecake
90%
Churros
90%
Cupcake
90%
Apple pie
87%
Icecream
87%
Fruit Salad
85%
Carrot cake
79%
Muffin
77%
Cookie
75%
Pumpkin pie
73%
Macaroons
70%
Wedding cake
69%
Eclair
68%
Banana split
67%
Red velvet cake
67%
Sorbet
59%
Tiramisu
59%
Meringues
50%
Key lime pie
48%
Cinnamon bun
44%
Scones
38%
Shortbread
32%
Apple strudel
29%
Pavlova
24%
Custard Tart
23%
Lemon meringue pie
22%
Souffle
21%
Rice pudding
18%
Toffee Apple
17%
Profiteroles
16%
Fruit flan
15%
Ice cream sundae
11%
Victoria sponge cakes
10%
Clafoutis
5%
No matching quizzes found
Score Distribution
Percent of People with Each Score
Percentile by Number Answered
Your Score History
You have not taken this quiz since the last reset